[Event "Pobeskydi 2026"]
[Site "Frydek-Mistek, Czech Republic"]
[Date "2026.04.06"]
[Round "9.11"]
[White "Durovka, Marek"]
[Black "Bartova, Hana"]
[Result "1-0"]
[TimeControl "90 min+30s/move"]
[WhiteTitle "-"]
[BlackTitle "-"]
[WhiteFideId "14959542"]
[BlackFideId "23732695"]
[WhiteElo "2054"]
[BlackElo "1823"]

1. d4 {[%clk 01:30:37]} {[%emt 00:00:15]} e6 {[%clk 01:30:43]} {[%emt
00:00:25]} 2. c4 {[%clk 01:29:50]} {[%emt 00:01:17]} Nf6 {[%clk 01:31:01]}
{[%emt 00:00:12]} 3. Nc3 {[%clk 01:30:12]} {[%emt 00:00:08]} d5 {[%clk
01:31:16]} {[%emt 00:00:15]} 4. cxd5 {[%clk 01:29:53]} {[%emt 00:00:49]} exd5
{[%clk 01:31:34]} {[%emt 00:00:11]} 5. Bg5 {[%clk 01:30:19]} {[%emt 00:00:05]}
Be7 {[%clk 01:31:23]} {[%emt 00:00:41]} 6. e3 {[%clk 01:30:41]} {[%emt
00:00:07]} c6 {[%clk 01:31:21]} {[%emt 00:00:33]} 7. Bd3 {[%clk 01:31:00]}
{[%emt 00:00:11]} Bg4 {[%clk 01:28:09]} {[%emt 00:03:42]} 8. Qc2 {[%clk
01:26:30]} {[%emt 00:05:00]} Bh5 {[%clk 01:27:34]} {[%emt 00:01:04]} 9. Nf3
{[%clk 01:11:44]} {[%emt 00:15:16]} Bg6 {[%clk 01:25:25]} {[%emt 00:02:40]} 10.
O-O {[%clk 01:10:04]} {[%emt 00:02:10]} Ne4 {[%clk 01:19:01]} {[%emt 00:06:54]}
11. Bf4 {[%clk 01:09:12]} {[%emt 00:01:21]} Nxc3 {[%clk 01:17:09]} {[%emt
00:02:22]} 12. bxc3 {[%clk 01:08:19]} {[%emt 00:01:22]} Nd7 {[%clk 01:13:34]}
{[%emt 00:04:07]} 13. Rae1 {[%clk 01:00:22]} {[%emt 00:08:27]} Nf6 {[%clk
01:08:38]} {[%emt 00:05:25]} 14. Ne5 {[%clk 00:59:49]} {[%emt 00:01:04]} Bxd3
{[%clk 01:07:25]} {[%emt 00:01:43]} 15. Qxd3 {[%clk 00:59:41]} {[%emt
00:00:31]} O-O {[%clk 01:06:46]} {[%emt 00:01:16]} 16. Rb1 {[%clk 00:50:07]}
{[%emt 00:10:04]} Qc8 {[%clk 01:04:29]} {[%emt 00:02:44]} 17. c4 {[%clk
00:49:59]} {[%emt 00:00:41]} dxc4 {[%clk 01:02:46]} {[%emt 00:02:14]} 18. Nxc4
{[%clk 00:41:52]} {[%emt 00:08:37]} Rd8 {[%clk 00:59:38]} {[%emt 00:03:36]} 19.
Rfc1 {[%clk 00:41:09]} {[%emt 00:01:14]} b6 {[%clk 00:51:13]} {[%emt 00:08:56]}
20. Ne5 {[%clk 00:35:05]} {[%emt 00:06:34]} c5 {[%clk 00:51:30]} {[%emt
00:00:12]} 21. Qb3 {[%clk 00:33:23]} {[%emt 00:02:11]} Rf8 {[%clk 00:51:43]}
{[%emt 00:00:17]} 22. d5 {[%clk 00:32:42]} {[%emt 00:01:12]} Bd6 {[%clk
00:45:37]} {[%emt 00:06:35]} 23. Ng6 {[%clk 00:28:07]} {[%emt 00:05:06]} hxg6
{[%clk 00:45:53]} {[%emt 00:00:13]} 24. Bxd6 {[%clk 00:28:34]} {[%emt
00:00:04]} Re8 {[%clk 00:46:15]} {[%emt 00:00:06]} 25. Bg3 {[%clk 00:25:32]}
{[%emt 00:03:30]} Qf5 {[%clk 00:45:11]} {[%emt 00:01:36]} 26. Rd1 {[%clk
00:25:26]} {[%emt 00:00:38]} Rad8 {[%clk 00:45:08]} {[%emt 00:00:33]} 27. d6
{[%clk 00:19:38]} {[%emt 00:06:18]} Rd7 {[%clk 00:45:31]} {[%emt 00:00:07]} 28.
f3 {[%clk 00:18:21]} {[%emt 00:01:47]} Qe6 {[%clk 00:43:52]} {[%emt 00:02:09]}
29. e4 {[%clk 00:10:46]} {[%emt 00:08:05]} Nh5 {[%clk 00:43:00]} {[%emt
00:01:22]} 30. Qd5 {[%clk 00:10:51]} {[%emt 00:00:24]} Nxg3 {[%clk 00:38:45]}
{[%emt 00:04:45]} 31. hxg3 {[%clk 00:11:18]} {[%emt 00:00:04]} Qe5 {[%clk
00:38:56]} {[%emt 00:00:15]} 32. Qxe5 {[%clk 00:09:41]} {[%emt 00:02:12]} Rxe5
{[%clk 00:39:17]} {[%emt 00:00:08]} 33. Rb2 {[%clk 00:09:41]} {[%emt 00:00:29]}
Kf8 {[%clk 00:38:23]} {[%emt 00:01:25]} 34. Kf2 {[%clk 00:07:50]} {[%emt
00:02:21]} Re6 {[%clk 00:35:49]} {[%emt 00:03:05]} 35. Rbd2 {[%clk 00:08:19]}
{[%emt 00:00:02]} Ke8 {[%clk 00:35:32]} {[%emt 00:00:46]} 36. Rd5 {[%clk
00:08:01]} {[%emt 00:00:48]} f5 {[%clk 00:29:11]} {[%emt 00:06:51]} 37. e5
{[%clk 00:07:55]} {[%emt 00:00:36]} Kd8 {[%clk 00:29:30]} {[%emt 00:00:10]} 38.
f4 {[%clk 00:06:27]} {[%emt 00:01:58]} Kc8 {[%clk 00:29:49]} {[%emt 00:00:12]}
39. Rb1 {[%clk 00:06:40]} {[%emt 00:00:17]} Rd8 {[%clk 00:29:05]} {[%emt
00:01:14]} 40. Rd3 {[%clk 00:03:52]} {[%emt 00:03:18]} Kb7 {[%clk 00:23:11]}
{[%emt 00:06:25]} 41. Rh1 {[%clk 00:03:59]} {[%emt 00:00:22]} c4 {[%clk
00:21:46]} {[%emt 00:01:55]} 42. Rd4 {[%clk 00:02:42]} {[%emt 00:01:46]} b5
{[%clk 00:21:43]} {[%emt 00:00:34]} 43. Rh7 {[%clk 00:02:52]} {[%emt 00:00:21]}
Rd7 {[%clk 00:21:52]} {[%emt 00:00:21]} 44. Ke3 {[%clk 00:03:16]} {[%emt
00:00:04]} Re8 {[%clk 00:21:03]} {[%emt 00:01:20]} 45. Rd5 {[%clk 00:03:08]}
{[%emt 00:00:38]} Kc6 {[%clk 00:20:02]} {[%emt 00:01:31]} 46. Kd4 {[%clk
00:03:17]} {[%emt 00:00:21]} a6 {[%clk 00:20:25]} {[%emt 00:00:07]} 47. Rc5+
{[%clk 00:03:23]} {[%emt 00:00:25]} Kb6 {[%clk 00:20:35]} {[%emt 00:00:16]} 48.
Kd5 {[%clk 00:03:48]} {[%emt 00:00:07]} Red8 {[%clk 00:20:55]} {[%emt
00:00:11]} 49. Rc6+ {[%clk 00:04:07]} {[%emt 00:00:11]} Ka5 {[%clk 00:20:27]}
{[%emt 00:00:58]} 50. e6 {[%clk 00:04:18]} {[%emt 00:00:20]} Rb7 {[%clk
00:20:20]} {[%emt 00:00:36]} 51. d7 {[%clk 00:04:05]} {[%emt 00:00:43]} Rbxd7
{[%clk 00:20:16]} {[%emt 00:00:34]} 52. exd7 {[%clk 00:04:29]} {[%emt
00:00:06]} Rxd7 {[%clk 00:20:41]} {[%emt 00:00:05]} 53. Ke5 {[%clk 00:01:41]}
{[%emt 00:03:18]} Rd2 {[%clk 00:20:15]} {[%emt 00:00:56]} 54. Rh8 {[%clk
00:01:43]} {[%emt 00:00:27]} Rxa2 {[%clk 00:20:10]} {[%emt 00:00:36]} 55. Rxa6+
{[%clk 00:02:02]} {[%emt 00:00:12]} 1-0

[Event "Pobeskydi 2026"]
[Site "?"]
[Date "2026.04.06"]
[Round "9.12"]
[White "Ocelak, David"]
[Black "Remes, Radek"]
[Result "1-0"]
[WhiteElo "2009"]
[BlackElo "1923"]
[WhiteFideId "-1"]
[BlackFideId "-1"]
[PlyCount "129"]
[GameId "2295864664477825"]
[EventDate "2026.04.02"]

1. e4 c5 2. d4 cxd4 3. Qxd4 Nc6 4. Qd3 Nf6 5. Nc3 a6 6. Nf3 d6 7. Be2 g6 8. O-O Bg7 9. Nd5 O-O 10. c3 Bd7 11. Bg5 Nxd5 12. exd5 Ne5 13. Nxe5 Bxe5 14. f4 Bg7 15. Qe3 Re8 16. Bd3 Qa5 17. Qf3 f6 18. Bh4 Bb5 19. f5 Bxd3 20. Qxd3 gxf5 21. Rxf5 Rac8 22. Bf2 Qc7 23. Rh5 Qc4 24. Qxh7+ Kf7 25. Qf5 e6 26. dxe6+ Qxe6 27. Qf3 Qd7 28. Bd4 Qc6 29. Qf2 Qe4 30. Rf5 Qe2 31. Rxf6+ Kg8 32. Qxe2 Rxe2 33. Rg6 Rc7 34. b4 Kh7 35. Rxg7+ Rxg7 36. Bxg7 Kxg7 37. Rd1 Kf7 38. Rxd6 Ke7 39. Rb6 Rxa2 40. c4 Kd7 41. h4 Kc7 42. c5 a5 43. h5 a4 44. h6 Re2 45. Rf6 a3 46. h7 Re8 47. g4 Rh8 48. Rf3 Rxh7 49. Rxa3 Rg7 50. Rg3 Kc6 51. g5 Kd5 52. g6 Ke6 53. Kg2 Ke7 54. Kf3 Kf8 55. Ke4 Re7+ 56. Kd5 Kg7 57. Kd6 Re4 58. b5 Rb4 59. b6 Rc4 60. Kc7 Rxc5+ 61. Kxb7 Rc2 62. Kb8 Rb2 63. b7 Rb5 64. Ra3 Kxg6 65. Ka8 1-0

[Event "Pobeskydi 2026"]
[Site "?"]
[Date "2026.04.06"]
[Round "9.13"]
[White "Chubar, Vladimir"]
[Black "Kovacik, Oliver"]
[Result "1/2-1/2"]
[WhiteElo "1885"]
[BlackElo "1969"]
[WhiteFideId "-1"]
[BlackFideId "-1"]
[PlyCount "48"]
[GameId "2295825690976343"]
[EventDate "2026.04.02"]

1. Nf3 d5 2. d4 Nf6 3. Bg5 Ne4 4. Bf4 c5 5. e3 Nc6 6. c3 Qb6 7. Qb3 c4 8. Qc2 Bf5 9. Qc1 h6 10. Nbd2 e6 11. Be2 Nxd2 12. Qxd2 Nb4 13. O-O Nd3 14. Bxd3 Bxd3 15. Rfc1 Bd6 16. Ne5 Bxe5 17. Bxe5 O-O 18. b4 a5 19. a3 axb4 20. axb4 Ra6 21. Ra2 Rfa8 22. Rca1 Rxa2 23. Rxa2 Rxa2 24. Qxa2 Qa6 1/2-1/2

[Event "Pobeskydi 2026"]
[Site "?"]
[Date "2026.04.06"]
[Round "9.14"]
[White "Plechacek, Matej"]
[Black "Lee, Yuk Hei"]
[Result "0-1"]
[WhiteElo "1801"]
[BlackElo "1960"]
[WhiteFideId "-1"]
[BlackFideId "-1"]
[PlyCount "74"]
[GameId "2295869408772239"]
[EventDate "2026.04.02"]

1. d4 Nf6 2. Nf3 e6 3. Bf4 d5 4. c3 c5 5. e3 Qb6 6. Qb3 c4 7. Qc2 Nc6 8. Nbd2 Nh5 9. Bg3 f5 10. Be2 Nxg3 11. hxg3 Qc7 12. g4 Bd6 13. gxf5 exf5 14. Ng5 g6 15. f4 Qg7 16. Ngf3 b5 17. b3 Qe7 18. Ne5 Bxe5 19. dxe5 Rb8 20. b4 a5 21. a3 Qa7 22. Kf2 g5 23. g3 d4 24. cxd4 gxf4 25. gxf4 Nxd4 26. Bh5+ Ke7 27. Qc3 Ne6 28. Ke2 Bb7 29. Bf3 Rbd8 30. bxa5 Rd3 31. Qb4+ Kd8 32. Nf1 Bxf3+ 33. Kxf3 Qb7+ 34. Kf2 Qxh1 35. Qxb5 Qf3+ 36. Ke1 Ke7 37. Qxc4 Rhd8 0-1

[Event "Pobeskydi 2026"]
[Site "?"]
[Date "2026.04.06"]
[Round "9.15"]
[White "Szuszkiewicz, Stanislaw"]
[Black "Langmaier, Michal"]
[Result "1/2-1/2"]
[WhiteElo "1612"]
[BlackElo "1949"]
[WhiteFideId "-1"]
[BlackFideId "-1"]
[PlyCount "68"]
[GameId "2295852635758710"]
[EventDate "2026.04.02"]

1. e4 c5 2. Nf3 d6 3. d4 cxd4 4. Nxd4 Nf6 5. Nc3 g6 6. Be3 Bg7 7. f3 O-O 8. Be2 Nc6 9. Qd2 d5 10. Nxc6 bxc6 11. e5 Nd7 12. f4 Nb6 13. b3 Qc7 14. Bc5 f6 15. exf6 Bxf6 16. g3 Re8 17. O-O-O e5 18. fxe5 Qxe5 19. Bd4 Qxd4 20. Qxd4 Bxd4 21. Rxd4 c5 22. Rd2 d4 23. Nb5 Bb7 24. Rf1 Re3 25. Rf2 Kg7 26. Rd1 Rf8 27. Rxf8 Kxf8 28. Rf1+ Ke7 29. Kd2 Nd5 30. Bf3 Nc3 31. Bxb7 Nxb5 32. Re1 Rxe1 33. Kxe1 Kd6 34. Kd2 Ke5 1/2-1/2